Justiça de transição : (Record no. 412)

MARC details
000 -LÍDER
Campo Fixo de Controle 01051nam a2200301 a 4500
001 - NÚMERO DE CONTROLE
Campo de Controle 412
003 - IDENTIFICAÇÃO DO NÚMERO DE CONTROLE
Campo de Controle BR-CuiBMT
005 - DATA E HORA DA ÚLTIMA ATUALIZAÇÃO
Campo de Controle 20231129142008.0
008 - DADOS FIXOS
Dados Fixos 230914s2013 mgba 000 0 por d
020 ## - INTERNATIONAL STANDARD BOOK NUMBER
Nº do ISBN 9788577007370
040 ## - AGÊNCIA CATALOGADORA
Código da Agência Catalogadora BR-CuiBMT
Agência que transcreveu o registro BR-CuiBMT
080 ## - Nº DA CLASSIFICAÇÃO DECIMAL UNIVERSAL
Nº Class. CDU 343.293:342.7
Nº edição CDU 2007
090 ## - NÚMERO DE CHAMADA
Nº classificação 343.293:342.7
Cutter J96
245 00 - TÍTULO PRINCIPAL
Título principal Justiça de transição :
Subtítulo reparação, verdade e justiça: perspectivas comparadas Brasil-Espanha /
Indicação de responsabilidade Carol Proner, Paulo Abrão coordenadores; [autores Andrea Greppi ... et al.].
260 ## - PUBLICAÇÃO, DISTRIBUIÇÃO, ETC.
Local de publicação Belo Horizonte :
Editora Fórum,
Data 2013.
300 ## - DESCRIÇÃO FÍSICA
N. páginas ou volumes 384 p. :
Ilustrações il. ;
Dimensões 22 cm
490 1# - INDICAÇÃO DE SÉRIE
Título da série Coleção Fórum justiça e democracia ;
Volume/designação sequencial da série v. 3
504 ## - NOTA DE BIBLIOGRAFIA, ETC.
Nota de bibliografia Inclui bibliografia.
650 ## - ASSUNTO TÓPICO
Cabeçalho tópico ou nome geográfico Direito constitucional
650 ## - ASSUNTO TÓPICO
Cabeçalho tópico ou nome geográfico Sociologia jurídica
650 ## - ASSUNTO TÓPICO
Cabeçalho tópico ou nome geográfico Lei de anistia
650 ## - ASSUNTO TÓPICO
Cabeçalho tópico ou nome geográfico Direitos humanos
Subdivisão geral Justiça
700 1# - ENTRADA SECUNDÁRIA -- NOME PESSOAL
Nome pessoal Proner, Carol
Cód. do termo explicativo coord.
700 1# - ENTRADA SECUNDÁRIA -- NOME PESSOAL
Nome pessoal Abrão, Paulo
Cód. do termo explicativo coord.
700 1# - ENTRADA SECUNDÁRIA -- NOME PESSOAL
Nome pessoal Greppi, Andrea
Termo de relação et al.
-- autores
830 #0 - ENTRADA SECUNDÁRIA DE SÉRIE -- TÍTULO UNIFORME
Título uniforme Coleção Fórum justiça e democracia ;
Nº do volume/designação sequencial da série 1
942 ## - ELEMENTOS DE ENTRADA ADICIONAIS (KOHA)
Fonte de classificação ou esquema de arquivamento Classificação Decimal Universal
Tipo de item do Koha Livros
Holdings
Estado: removido Estado: perdido Fonte de classificação ou esquema de arquivamento Estado: danificado Indisponível para empréstimo Localização permanente Localização atual Data de aquisição Total Checkouts Número de Chamada completo Código de barras Date last seen Número do exemplar Preço efetivo a partir de Tipo de item (Koha)
    Classificação Decimal Universal     Biblioteca da Escola Superior de Contas do TCE/MT Biblioteca da Escola Superior de Contas do TCE/MT 06/08/2019   343.293:342.7 J96 BIBTCEMT23110138 06/11/2023 Ex. 1 06/11/2023 Livros
    Classificação Decimal Universal     Biblioteca da Escola Superior de Contas do TCE/MT Biblioteca da Escola Superior de Contas do TCE/MT 06/08/2019   343.293:342.7 J96 BIBTCEMT23110175 06/11/2023 Ex. 2 06/11/2023 Livros

Powered by Koha